[Event "The Barry Sheene Appreciation Tournament"]
[Site "SchemingMind.com"]
[Date "2011.03.24"]
[Round "-"]
[White "keen"]
[Black "Queeny"]
[Result "0-1"]
[WhiteCountry "SCO"]
[BlackCountry "ENG"]
[WhiteElo "1696"]
[WhiteRD "57"]
[BlackElo "1659"]
[BlackRD "72"]
[GameID "278928"]

1. e4 e5 2. Nf3 Nc6 3. Bc4 Nf6 4. Ng5 Bc5 5. Nxf7 Qe7 6. O-O Rf8 7. Ng5 d6 8. Nc3 Nd4 9. d3 Bg4 10. Qd2 h6
11. h3 Bh5 12. g4 Bxg4 13. hxg4 Nxg4 14. Qd1 Nf6 15. Nh3 Qd7 16. Qf3 Nxf3+
0-1

[Event "The Barry Sheene Appreciation Tournament"]
[Site "SchemingMind.com"]
[Date "2011.03.24"]
[Round "-"]
[White "Queeny"]
[Black "keen"]
[Result "1/2-1/2"]
[WhiteCountry "ENG"]
[BlackCountry "SCO"]
[WhiteElo "1651"]
[WhiteRD "72"]
[BlackElo "1703"]
[BlackRD "56"]
[GameID "278929"]

1. e4 e5 2. Nf3 Nc6 3. Bc4 Nf6 4. Ng5 Bc5 5. Nxf7 Qe7 6. Nxh8 Bxf2+ 7. Kf1 d6 8. Qf3 Bc5 9. c3 Bg4 10. Qg3 O-O-O
11. d3 Rxh8 12. Bg5 Be6 13. Bxf6 Qxf6+ 14. Qf3 Qxf3+ 15. gxf3 Bxc4 16. dxc4 Rf8 17. Ke2 Ne7 18. Nd2 Ng6 19. Kd1 Nf4 20. Kc2 a6
21. b4 Be3 22. Rae1 Bf2 23. Rd1 g6 24. h4 Ng2 25. Rh2 Ne3+ 26. Kc1 Nxd1 27. Kxd1 Bg3 28. Rh3 Bf4 29. a4 Kd7 30. b5=
1/2-1/2

[Event "The Barry Sheene Appreciation Tournament"]
[Site "SchemingMind.com"]
[Date "2011.03.21"]
[Round "-"]
[White "capablanca"]
[Black "keen"]
[Result "0-1"]
[WhiteCountry "GER"]
[BlackCountry "SCO"]
[WhiteElo "1636"]
[WhiteRD "55"]
[BlackElo "1696"]
[BlackRD "57"]
[GameID "278932"]

1. e4 e5 2. Nf3 Nc6 3. Bc4 Nf6 4. Ng5 Bc5 5. Nxf7 Bxf2+ 6. Kxf2 Nxe4+ 7. Ke3 Qh4 8. g3 Nxg3 9. hxg3 Qd4+ 10. Ke2 Qxc4+
11. d3 Qxf7 12. Be3 d5 13. Qf1 Bg4+ 14. Kd2 O-O 15. Nc3 Qg6 16. Qe1 d4
0-1

[Event "The Barry Sheene Appreciation Tournament"]
[Site "SchemingMind.com"]
[Date "2011.03.25"]
[Round "-"]
[White "capablanca"]
[Black "Queeny"]
[Result "0-1"]
[WhiteCountry "GER"]
[BlackCountry "ENG"]
[WhiteElo "1636"]
[WhiteRD "55"]
[BlackElo "1659"]
[BlackRD "72"]
[GameID "278933"]

1. e4 e5 2. Nf3 Nc6 3. Bc4 Nf6 4. Ng5 Bc5 5. Nxf7 Qe7 6. O-O Rf8 7. Ng5 d6 8. d3 Bg4 9. Qe1 Nd4 10. Qd2 h6
11. c3 Ne2+ 12. Kh1 hxg5 13. Qxg5 O-O-O 14. f3 Bd7 15. Nd2 Rh8 16. Nb3 Nxe4 17. dxe4 Qxg5 18. Bxg5 Ng3#
0-1

[Event "The Barry Sheene Appreciation Tournament"]
[Site "SchemingMind.com"]
[Date "2011.03.21"]
[Round "-"]
[White "keen"]
[Black "capablanca"]
[Result "1-0"]
[WhiteCountry "SCO"]
[BlackCountry "GER"]
[WhiteElo "1696"]
[WhiteRD "57"]
[BlackElo "1636"]
[BlackRD "55"]
[GameID "278934"]

1. e4 e5 2. Nf3 Nc6 3. Bc4 Nf6 4. Ng5 Bc5 5. Nxf7 Bxf2+ 6. Kf1 Qe7 7. Nxh8 d5 8. exd5 Nd4 9. c3 Bg4 10. Qa4+ Nd7
11. cxd4 Bxd4 12. Ke1 O-O-O 13. Nc3 Nc5 14. Qc2 Qf6 15. Rf1 Qh4+ 16. g3 Qxh2 17. Be2 Qxg3+ 18. Kd1 Nd3 19. Bxg4+ Qxg4+ 20. Ne2 e4
21. Nf7 Rxd5 22. Qa4 Be3 23. Qe8+
1-0

[Event "The Barry Sheene Appreciation Tournament"]
[Site "SchemingMind.com"]
[Date "2011.03.24"]
[Round "-"]
[White "Queeny"]
[Black "capablanca"]
[Result "1/2-1/2"]
[WhiteCountry "ENG"]
[BlackCountry "GER"]
[WhiteElo "1651"]
[WhiteRD "72"]
[BlackElo "1645"]
[BlackRD "54"]
[GameID "278935"]

1. e4 e5 2. Nf3 Nc6 3. Bc4 Nf6 4. Ng5 Bc5 5. Nxf7 Bxf2+ 6. Kf1 Qe7 7. Nxh8 Nxe4 8. Qh5+ g6 9. Nxg6 hxg6 10. Qxg6+ Kd8
11. Qxe4 d6 12. Kxf2 Bd7 13. d3 Nd4 14. Na3 c6 15. Qg6 Kc7 16. Rf1 Rf8+ 17. Ke1 Qh4+ 18. Qg3 Qh5 19. Rf2 Rxf2 20. Qxf2 Qxh2
21. c3 Qh1+ 22. Qf1 Qh4+ 23. Qf2 Qh1+ 24. Kd2 Qh6+ 25. Ke1 Qh1+ 26. Qf1 Qh4+ 27. Kd2 Qh6+ 28. Ke1 Qh4+ 29. Qf2 Qh1+=
1/2-1/2

[Event "The Barry Sheene Appreciation Tournament"]
[Site "SchemingMind.com"]
[Date "2011.03.22"]
[Round "-"]
[White "Olli Ylönen"]
[Black "capablanca"]
[Result "1-0"]
[WhiteCountry "FIN"]
[BlackCountry "GER"]
[WhiteElo "1640"]
[WhiteRD "55"]
[BlackElo "1636"]
[BlackRD "55"]
[GameID "278938"]

1. e4 e5 2. Nf3 Nc6 3. Bc4 Nf6 4. Ng5 Bc5 5. Nxf7 Bxf2+ 6. Kf1 Qe7 7. Nxh8 Nxe4 8. Qf3 Nd4 9. Qxe4 Qf6 10. Bf7+ Kf8
11. Bh5 Bh4+ 12. Bf3 d5 13. Qxd5
1-0

[Event "The Barry Sheene Appreciation Tournament"]
[Site "SchemingMind.com"]
[Date "2011.03.22"]
[Round "-"]
[White "Olli Ylönen"]
[Black "keen"]
[Result "1-0"]
[WhiteCountry "FIN"]
[BlackCountry "SCO"]
[WhiteElo "1607"]
[WhiteRD "51"]
[BlackElo "1703"]
[BlackRD "56"]
[GameID "278939"]

1. e4 e5 2. Nf3 Nc6 3. Bc4 Nf6 4. Ng5 Bc5 5. Nxf7 Bxf2+ 6. Kf1 Qe7 7. Nxh8 d6 8. Kxf2 Nxe4+ 9. Kg1 Qf6 10. Qf3 Qxf3
11. gxf3 Ng5 12. Bd5 Nd4 13. Nc3 c6 14. d3 Nh3+ 15. Kg2 cxd5 16. Nxd5 Kf8 17. c3 Nc2 18. Rb1 Bf5 19. Rd1 Ng5 20. Ne3 Nxe3+
21. Bxe3 Ne6 22. Kg3 Kg8 23. f4 Kxh8 24. fxe5 dxe5 25. Rbc1 b6 26. d4 exd4 27. cxd4 h6 28. d5 Nf8 29. d6 Nd7 30. Rf1 Re8
31. Rxf5 Rxe3+ 32. Rf3 Re2 33. Rc7 Ne5 34. d7 Rd2 35. Rf8+
1-0

[Event "The Barry Sheene Appreciation Tournament"]
[Site "SchemingMind.com"]
[Date "2011.03.25"]
[Round "-"]
[White "Olli Ylönen"]
[Black "Queeny"]
[Result "1-0"]
[WhiteCountry "FIN"]
[BlackCountry "ENG"]
[WhiteElo "1642"]
[WhiteRD "51"]
[BlackElo "1642"]
[BlackRD "74"]
[GameID "278940"]

1. e4 e5 2. Nf3 Nc6 3. Bc4 Nf6 4. Ng5 Bc5 5. Nxf7 Qe7 6. Nxh8 Bxf2+ 7. Kxf2 Qc5+ 8. Ke1 Qxc4 9. d3 Qg8 10. Nc3 d6
11. Nd5 Bg4 12. Nxf6+ gxf6 13. Qd2 Qxh8 14. Qf2 O-O-O 15. h3 Bh5 16. Qf5+ Kb8 17. Qxh5 Nd4 18. Qd1 Qg8 19. g4 Qg6 20. Be3 Nc6
21. h4 Qg8 22. g5 Rf8 23. Qe2 Nb4 24. a3 Nc6 25. Rf1 Qg7 26. gxf6 Rxf6 27. Rxf6 Qxf6 28. Qh5 b6 29. Qxh7 Qf3 30. Qg8+ Kb7
31. Qg1 Qh5 32. Bf2 Qh7 33. Kd2 Qh6+ 34. Qg5 Qf8 35. Be3
1-0

[Event "The Barry Sheene Appreciation Tournament"]
[Site "SchemingMind.com"]
[Date "2011.03.21"]
[Round "-"]
[White "capablanca"]
[Black "Olli Ylönen"]
[Result "0-1"]
[WhiteCountry "GER"]
[BlackCountry "FIN"]
[WhiteElo "1636"]
[WhiteRD "55"]
[BlackElo "1640"]
[BlackRD "55"]
[GameID "278941"]

1. e4 e5 2. Nf3 Nc6 3. Bc4 Nf6 4. Ng5 Bc5 5. Nxf7 Bxf2+ 6. Kxf2 Nxe4+ 7. Ke3 Qh4 8. g3 Nxg3 9. hxg3 Qd4+ 10. Kf3 O-O
0-1

[Event "The Barry Sheene Appreciation Tournament"]
[Site "SchemingMind.com"]
[Date "2011.03.21"]
[Round "-"]
[White "keen"]
[Black "Olli Ylönen"]
[Result "0-1"]
[WhiteCountry "SCO"]
[BlackCountry "FIN"]
[WhiteElo "1696"]
[WhiteRD "57"]
[BlackElo "1640"]
[BlackRD "55"]
[GameID "278942"]

1. e4 e5 2. Nf3 Nc6 3. Bc4 Nf6 4. Ng5 Bc5 5. Nxf7 Bxf2+ 6. Kf1 Qe7 7. Nxh8 d5 8. exd5 Nd4 9. c3 Bg4 10. Qa4+ Nd7
11. Bb5 Qf6 12. Bxd7+ Bxd7 13. cxd4 Bxd4+
0-1

[Event "The Barry Sheene Appreciation Tournament"]
[Site "SchemingMind.com"]
[Date "2011.03.24"]
[Round "-"]
[White "Queeny"]
[Black "Olli Ylönen"]
[Result "0-1"]
[WhiteCountry "ENG"]
[BlackCountry "FIN"]
[WhiteElo "1659"]
[WhiteRD "72"]
[BlackElo "1640"]
[BlackRD "55"]
[GameID "278943"]

1. e4 e5 2. Nf3 Nc6 3. Bc4 Nf6 4. Ng5 Bc5 5. Nxf7 Bxf2+ 6. Kf1 Qe7 7. Nxh8 Bb6 8. d3 d5 9. Bxd5 Bg4 10. Bxc6+ bxc6
11. Qd2 O-O-O 12. b3 Rf8 13. Ke1 Nxe4 14. Ba3 Qf6 15. dxe4 Bf2+ 16. Qxf2 Qxf2#
0-1

[Event "The Barry Sheene Appreciation Tournament"]
[Site "SchemingMind.com"]
[Date "2011.03.22"]
[Round "-"]
[White "Yellow"]
[Black "capablanca"]
[Result "1-0"]
[WhiteCountry "INT"]
[BlackCountry "GER"]
[WhiteElo "2035"]
[WhiteRD "141"]
[BlackElo "1636"]
[BlackRD "55"]
[GameID "278969"]

1. e4 e5 2. Nf3 Nc6 3. Bc4 Nf6 4. Ng5 Bc5 5. Nxf7 Bxf2+ 6. Kf1 Qe7 7. Nxh8 Nd4 8. Bf7+ Kf8 9. c3 Nc6 10. Kxf2 Nxe4+
11. Kg1 Qc5+ 12. d4 exd4 13. cxd4 Nxd4 14. Be3 Qb4 15. Bxd4 d6 16. Nc3
1-0

[Event "The Barry Sheene Appreciation Tournament"]
[Site "SchemingMind.com"]
[Date "2011.03.22"]
[Round "-"]
[White "Yellow"]
[Black "keen"]
[Result "1-0"]
[WhiteCountry "INT"]
[BlackCountry "SCO"]
[WhiteElo "2035"]
[WhiteRD "141"]
[BlackElo "1696"]
[BlackRD "57"]
[GameID "278970"]

1. e4 e5 2. Nf3 Nc6 3. Bc4 Nf6 4. Ng5 Bc5 5. Nxf7 Bxf2+ 6. Kf1 Qe7 7. Nxh8 d5 8. exd5 Na5 9. Bb5+ c6 10. Kxf2 cxb5
11. d3 Qf8 12. Kg3 Bg4 13. Qe1 Qd6 14. Qxa5 Qxd5 15. Nc3 Qc6 16. a4 b6 17. Qxb5 Qxb5 18. axb5 Kf8 19. Be3 Kg8 20. Bxb6 Kxh8
21. Rhe1
1-0

[Event "The Barry Sheene Appreciation Tournament"]
[Site "SchemingMind.com"]
[Date "2011.03.24"]
[Round "-"]
[White "Yellow"]
[Black "Queeny"]
[Result "1-0"]
[WhiteCountry "INT"]
[BlackCountry "ENG"]
[WhiteElo "2035"]
[WhiteRD "141"]
[BlackElo "1659"]
[BlackRD "72"]
[GameID "278971"]

1. e4 e5 2. Nf3 Nc6 3. Bc4 Nf6 4. Ng5 Bc5 5. Nxf7 Qe7 6. Nxh8 Bxf2+ 7. Kxf2 Nxe4+ 8. Kg1 Qc5+ 9. d4 Qxc4 10. Na3 Qg8
11. d5 Qf8 12. Qe2 Qc5+ 13. Be3 Qxd5 14. Qh5+ g6 15. Qxh7 Ne7 16. Nb5 Qxb5 17. Qf7+ Kd8 18. Qf8#
1-0

[Event "The Barry Sheene Appreciation Tournament"]
[Site "SchemingMind.com"]
[Date "2011.03.23"]
[Round "-"]
[White "Yellow"]
[Black "Olli Ylönen"]
[Result "0-1"]
[WhiteCountry "INT"]
[BlackCountry "FIN"]
[WhiteElo "2003"]
[WhiteRD "117"]
[BlackElo "1607"]
[BlackRD "51"]
[GameID "278972"]

1. e4 e5 2. Nf3 Nc6 3. Bc4 Nf6 4. Ng5 Bc5 5. Nxf7 Bxf2+ 6. Kf1 Qe7 7. Nxh8 d5 8. exd5 Nd4 9. d6 cxd6 10. c3 Bg4
11. Qa4+ Kf8 12. cxd4 exd4 13. Kxf2 Ne4+ 14. Kg1 Qh4 15. h3 Qf2+ 16. Kh2 Qg3+ 17. Kg1 Bf3 18. Bf1 Ng5 19. Qd7 Bxg2 20. Qf5+ Kg8
21. Qxg5 Qxg5 22. d3 Qxc1 23. Kxg2 Qxb2+ 24. Nd2 Qxa1 25. Kg1 Qxa2 26. Rh2 Kxh8 27. Rf2 h6 28. Bg2 d5 29. Nf1 Qb1 30. Bxd5 Qxd3
31. Bxb7 Rb8 32. Bf3 a5 33. h4 a4 34. Be2 Qg6+ 35. Rg2 Qb1 36. Rf2 a3 37. Bc4 Qb4 38. Nd2 Rf8 39. Rxf8+ Qxf8 40. Nb1 d3
0-1

[Event "The Barry Sheene Appreciation Tournament"]
[Site "SchemingMind.com"]
[Date "2011.03.22"]
[Round "-"]
[White "capablanca"]
[Black "Yellow"]
[Result "0-1"]
[WhiteCountry "GER"]
[BlackCountry "INT"]
[WhiteElo "1636"]
[WhiteRD "55"]
[BlackElo "2035"]
[BlackRD "141"]
[GameID "278973"]

1. e4 e5 2. Nf3 Nc6 3. Bc4 Nf6 4. Ng5 Bc5 5. Nxf7 Bxf2+ 6. Kxf2 Nxe4+ 7. Ke3 Qh4 8. g3 Nxg3 9. Nxh8 Qf4+ 10. Kd3 Qd4#
0-1

[Event "The Barry Sheene Appreciation Tournament"]
[Site "SchemingMind.com"]
[Date "2011.03.22"]
[Round "-"]
[White "keen"]
[Black "Yellow"]
[Result "0-1"]
[WhiteCountry "SCO"]
[BlackCountry "INT"]
[WhiteElo "1696"]
[WhiteRD "57"]
[BlackElo "2035"]
[BlackRD "141"]
[GameID "278974"]

1. e4 e5 2. Nf3 Nc6 3. Bc4 Nf6 4. Ng5 Bc5 5. Nxf7 Bxf2+ 6. Kf1 Qe7 7. Nxh8 d5 8. exd5 Nd4 9. c3 Bg4 10. Qa4+ Nd7
11. d6 Qf6 12. Bd5 Be2#
0-1

[Event "The Barry Sheene Appreciation Tournament"]
[Site "SchemingMind.com"]
[Date "2011.03.24"]
[Round "-"]
[White "Queeny"]
[Black "Yellow"]
[Result "0-1"]
[WhiteCountry "ENG"]
[BlackCountry "INT"]
[WhiteElo "1659"]
[WhiteRD "72"]
[BlackElo "2035"]
[BlackRD "141"]
[GameID "278975"]

1. e4 e5 2. Nf3 Nc6 3. Bc4 Nf6 4. Ng5 Bc5 5. Nxf7 Bxf2+ 6. Kf1 Qe7 7. Nxh8 d5 8. Qf3 Bh4 9. Bxd5 Nd4 10. Qc3 Nxe4
11. Bxe4 Qf6+ 12. Bf3 Bh3 13. Kg1 Ne2+ 14. Bxe2 Qf2#
0-1

[Event "The Barry Sheene Appreciation Tournament"]
[Site "SchemingMind.com"]
[Date "2011.03.23"]
[Round "-"]
[White "Olli Ylönen"]
[Black "Yellow"]
[Result "0-1"]
[WhiteCountry "FIN"]
[BlackCountry "INT"]
[WhiteElo "1640"]
[WhiteRD "55"]
[BlackElo "2035"]
[BlackRD "141"]
[GameID "278976"]

1. e4 e5 2. Nf3 Nc6 3. Bc4 Nf6 4. Ng5 Bc5 5. Nxf7 Bxf2+ 6. Kf1 Qe7 7. Nxh8 d5 8. exd5 Nd4 9. d3 Bg4 10. Qd2 Bh4
11. c3 Ne4 12. dxe4 Qf6+ 13. Kg1 Ne2+ 14. Qxe2 Bxe2 15. h3 Qf2+
0-1

[Event "The Barry Sheene Appreciation Tournament"]
[Site "SchemingMind.com"]
[Date "2011.04.09"]
[Round "-"]
[White "mooch"]
[Black "capablanca"]
[Result "1-0"]
[WhiteCountry "ENG"]
[BlackCountry "GER"]
[WhiteElo "1746"]
[WhiteRD "96"]
[BlackElo "1645"]
[BlackRD "54"]
[GameID "279961"]

1. e4 e5 2. Nf3 Nc6 3. Bc4 Nf6 4. Ng5 Bc5 5. Nxf7 Bxf2+ 6. Kf1 Qe7 7. Nxh8 Nxe4 8. d3 Nd6 9. Kxf2 Qf8+ 10. Ke1 Nxc4
11. dxc4 d6 12. Qh5+ g6 13. Nxg6 hxg6 14. Qxg6+ Kd7 15. Rf1
1-0

[Event "The Barry Sheene Appreciation Tournament"]
[Site "SchemingMind.com"]
[Date "2011.04.09"]
[Round "-"]
[White "mooch"]
[Black "keen"]
[Result "1-0"]
[WhiteCountry "ENG"]
[BlackCountry "SCO"]
[WhiteElo "1704"]
[WhiteRD "90"]
[BlackElo "1662"]
[BlackRD "58"]
[GameID "279962"]

1. e4 e5 2. Nf3 Nc6 3. Bc4 Nf6 4. Ng5 Bc5 5. Nxf7 Bxf2+ 6. Kf1 Qe7 7. Nxh8 Nxe4 8. d3 Qc5 9. Qh5+ g6 10. Qxh7 Qf8
11. Qxg6+ Ke7 12. Bg5+ Nxg5 13. Qxg5+ Kd6 14. Nf7+ Kc5 15. Kxf2 d5 16. b4+ Nxb4 17. Qe3+ Kc6 18. Bb3 Qxf7+ 19. Ke1 Kd6 20. Rf1 Qe7
21. Qg3 Be6 22. d4 Nc6 23. dxe5+ Nxe5 24. Nc3 Bf7 25. Rd1 c6 26. Ne4+ Kd7 27. Nf6+ Kd6 28. Qe3 Rh8 29. h3 Rh4 30. Rf2 Kc7
31. Kf1 Kb8 32. Rd4 Rh8 33. Qf4 Ka8 34. c4 Bg6 35. cxd5 Nd3 36. Rxd3 Bxd3+ 37. Kg1 Qe1+ 38. Kh2 Rf8 39. dxc6 Be4 40. cxb7+ Bxb7
41. Qd4 Qe7 42. Bd5 Qd6+ 43. Kg1
1-0

[Event "The Barry Sheene Appreciation Tournament"]
[Site "SchemingMind.com"]
[Date "2011.04.09"]
[Round "-"]
[White "mooch"]
[Black "Queeny"]
[Result "0-1"]
[WhiteCountry "ENG"]
[BlackCountry "ENG"]
[WhiteElo "1703"]
[WhiteRD "91"]
[BlackElo "1642"]
[BlackRD "74"]
[GameID "279963"]

1. e4 e5 2. Nf3 Nc6 3. Bc4 Nf6 4. Ng5 Bc5 5. Nxf7 Bxf2+ 6. Kf1 Qe7 7. Nxh8 d5 8. Bxd5 Bg4 9. Kxf2 Bxd1 10. Rxd1 Qc5+
11. Kf1 Ng4 12. Bxc6+ bxc6 13. d4 Qxc2 14. Rd2 Qxc1+ 15. Ke2 Qc4+ 16. Ke1 Qc1+ 17. Ke2 Qc4+ 18. Ke1 Nxh2 19. Rf2 Qc1+ 20. Ke2 Qxb2+
21. Nd2 Qxa1 22. Nf7 Ng4 23. Rf5 Qxd4 24. Ng5 O-O-O 25. Nxh7 Qxd2+ 26. Kf1 Ne3+
0-1

[Event "The Barry Sheene Appreciation Tournament"]
[Site "SchemingMind.com"]
[Date "2011.04.09"]
[Round "-"]
[White "mooch"]
[Black "Yellow"]
[Result "0-1"]
[WhiteCountry "ENG"]
[BlackCountry "INT"]
[WhiteElo "1703"]
[WhiteRD "91"]
[BlackElo "2173"]
[BlackRD "84"]
[GameID "279964"]

1. e4 e5 2. Nf3 Nc6 3. Bc4 Nf6 4. Ng5 Bc5 5. Nxf7 Bxf2+ 6. Kf1 Qe7 7. Nxh8 d5 8. exd5 Nd4 9. c3 Bg4 10. Qa4+ Nd7
11. cxd4 Qf6 12. dxe5 Qf4 13. Qxd7+ Kxd7 14. e6+ Kc8 15. d3 Be3+
0-1

[Event "The Barry Sheene Appreciation Tournament"]
[Site "SchemingMind.com"]
[Date "2011.04.09"]
[Round "-"]
[White "mooch"]
[Black "Olli Ylönen"]
[Result "0-1"]
[WhiteCountry "ENG"]
[BlackCountry "FIN"]
[WhiteElo "1703"]
[WhiteRD "91"]
[BlackElo "1642"]
[BlackRD "51"]
[GameID "279965"]

1. e4 e5 2. Nf3 Nc6 3. Bc4 Nf6 4. Ng5 Bc5 5. Nxf7 Bxf2+ 6. Kf1 Qe7 7. Nxh8 d5 8. exd5 Nd4 9. c3 Bg4 10. Qa4+ Nd7
11. cxd4 Qf6 12. dxe5 Qf4 13. Qxd7+ Kxd7 14. e6+ Ke7 15. d3 Be3+ 16. Ke1 Qf2#
0-1

[Event "The Barry Sheene Appreciation Tournament"]
[Site "SchemingMind.com"]
[Date "2011.04.05"]
[Round "-"]
[White "capablanca"]
[Black "mooch"]
[Result "0-1"]
[WhiteCountry "GER"]
[BlackCountry "ENG"]
[WhiteElo "1645"]
[WhiteRD "54"]
[BlackElo "1746"]
[BlackRD "96"]
[GameID "279966"]

1. e4 e5 2. Nf3 Nc6 3. Bc4 Nf6 4. Ng5 Bc5 5. Nxf7 Bxf2+ 6. Kf1 Qe7 7. Nxh8 d5 8. exd5 Nd4 9. d6 cxd6 10. d3 Bg4
11. Qd2 Bh4 12. Nc3 Bh5 13. g3 Nf3 14. Qf2 Ng4 15. Qxf3 Nxh2+
0-1

[Event "The Barry Sheene Appreciation Tournament"]
[Site "SchemingMind.com"]
[Date "2011.04.05"]
[Round "-"]
[White "keen"]
[Black "mooch"]
[Result "0-1"]
[WhiteCountry "SCO"]
[BlackCountry "ENG"]
[WhiteElo "1703"]
[WhiteRD "56"]
[BlackElo "1746"]
[BlackRD "96"]
[GameID "279967"]

1. e4 e5 2. Nf3 Nc6 3. Bc4 Nf6 4. Ng5 Bc5 5. Nxf7 Bxf2+ 6. Kf1 Qe7 7. Nxh8 d5 8. exd5 Nd4 9. c3 Nf5 10. d3 Nd6
11. Kxf2 Nxc4 12. dxc4 Ne4+ 13. Ke3 Bf5 14. g3 Qc5+ 15. Ke2 Bg4+ 16. Kd3 Nf2+
0-1

[Event "The Barry Sheene Appreciation Tournament"]
[Site "SchemingMind.com"]
[Date "2011.04.05"]
[Round "-"]
[White "Queeny"]
[Black "mooch"]
[Result "0-1"]
[WhiteCountry "ENG"]
[BlackCountry "ENG"]
[WhiteElo "1642"]
[WhiteRD "74"]
[BlackElo "1703"]
[BlackRD "91"]
[GameID "279968"]

1. e4 e5 2. Nf3 Nc6 3. Bc4 Nf6 4. Ng5 Bc5 5. Nxf7 Bxf2+ 6. Kf1 Qe7 7. Nxh8 d5 8. exd5 Nd4 9. h3 Bg3 10. c3 Nf5
11. Bb5+ Bd7 12. Bxd7+ Qxd7 13. c4 O-O-O 14. d3 Rxh8 15. Qf3 Rf8 16. Ke2 Nd4+ 17. Ke3 Nxf3 18. gxf3 Bf4+ 19. Ke2 Bxc1 20. Rxc1 Qxh3
21. Rf1 Nh5 22. Nd2 Ng3+
0-1

[Event "The Barry Sheene Appreciation Tournament"]
[Site "SchemingMind.com"]
[Date "2011.04.05"]
[Round "-"]
[White "Yellow"]
[Black "mooch"]
[Result "1-0"]
[WhiteCountry "INT"]
[BlackCountry "ENG"]
[WhiteElo "2228"]
[WhiteRD "73"]
[BlackElo "1704"]
[BlackRD "90"]
[GameID "279969"]

1. e4 e5 2. Nf3 Nc6 3. Bc4 Nf6 4. Ng5 Bc5 5. Nxf7 Bxf2+ 6. Kf1 Qe7 7. Nxh8 d5 8. exd5 Nd4 9. d6 cxd6 10. c3 Bg4
11. Qa4+ Bd7 12. Qb4 Nc2 13. Qxb7 Rc8 14. Bf7+ Kd8 15. Kxf2 Ng4+ 16. Kg3 Nxa1 17. d3 Nc2 18. Qxa7 Qf6 19. Bb3 Rc7 20. Nf7+ Ke8
21. Qb8+ Bc8 22. Qxc7 Qf2+ 23. Kh3 Qxg2+ 24. Kxg2 Nge3+ 25. Kg1
1-0

[Event "The Barry Sheene Appreciation Tournament"]
[Site "SchemingMind.com"]
[Date "2011.04.07"]
[Round "-"]
[White "Olli Ylönen"]
[Black "mooch"]
[Result "1-0"]
[WhiteCountry "FIN"]
[BlackCountry "ENG"]
[WhiteElo "1607"]
[WhiteRD "51"]
[BlackElo "1746"]
[BlackRD "96"]
[GameID "279970"]

1. e4 e5 2. Nf3 Nc6 3. Bc4 Nf6 4. Ng5 Bc5 5. Nxf7 Bxf2+ 6. Kf1 Qe7 7. Nxh8 Nd4 8. Kxf2 Nxe4+ 9. Ke3 Ng5 10. Rf1 b5
11. Qh5+ g6 12. Nxg6 Nxc2+ 13. Kd3 Nb4+ 14. Ke2 Qg7 15. Rf8+
1-0

[Event "The Barry Sheene Appreciation Tournament"]
[Site "SchemingMind.com"]
[Date "2011.04.07"]
[Round "-"]
[White "childescar"]
[Black "capablanca"]
[Result "0-1"]
[WhiteCountry "FRA"]
[BlackCountry "GER"]
[WhiteElo "1358"]
[WhiteRD "74"]
[BlackElo "1645"]
[BlackRD "54"]
[GameID "280063"]

1. e4 e5 2. Nf3 Nc6 3. Bc4 Nf6 4. Ng5 Bc5 5. Nxf7 Bxf2+ 6. Kf1 Qe7 7. Nxh8 Nxe4 8. Qh5+ g6 9. Nxg6 hxg6 10. Qxg6+ Kd8
11. d3 d6 12. dxe4 Qf8 13. Bg5+ Ne7 14. Bxe7+ Kxe7 15. Ke2 Qf4 16. Rf1 Bg4+ 17. Kd3 Qe3#
0-1

[Event "The Barry Sheene Appreciation Tournament"]
[Site "SchemingMind.com"]
[Date "2011.04.07"]
[Round "-"]
[White "childescar"]
[Black "mooch"]
[Result "0-1"]
[WhiteCountry "FRA"]
[BlackCountry "ENG"]
[WhiteElo "1316"]
[WhiteRD "75"]
[BlackElo "1703"]
[BlackRD "91"]
[GameID "280064"]

1. e4 e5 2. Nf3 Nc6 3. Bc4 Nf6 4. Ng5 Bc5 5. Nxf7 Bxf2+ 6. Kxf2 Nxe4+ 7. Ke3 d5 8. Bb3 Qd7 9. Nxh8 Qf5 10. Rf1 Qg5+
11. Ke2 Bg4+ 12. Rf3 Bxf3+ 13. gxf3 Qg2+ 14. Kd3 Nf2+
0-1

[Event "The Barry Sheene Appreciation Tournament"]
[Site "SchemingMind.com"]
[Date "2011.04.07"]
[Round "-"]
[White "childescar"]
[Black "keen"]
[Result "0-1"]
[WhiteCountry "FRA"]
[BlackCountry "SCO"]
[WhiteElo "1316"]
[WhiteRD "75"]
[BlackElo "1691"]
[BlackRD "60"]
[GameID "280065"]

1. e4 e5 2. Nf3 Nc6 3. Bc4 Nf6 4. Ng5 Bc5 5. Nxf7 Bxf2+ 6. Kxf2 Nxe4+ 7. Ke3 Qe7 8. Kxe4 Qc5 9. d3 Qd4+ 10. Kf3 d5
11. Bb3 Bg4+ 12. Kg3 Bxd1 13. Rxd1 Kxf7 14. Rf1+ Ke6 15. Bd2 e4 16. c3 Qxd3+ 17. Kf2 Rhf8+
0-1

[Event "The Barry Sheene Appreciation Tournament"]
[Site "SchemingMind.com"]
[Date "2011.04.07"]
[Round "-"]
[White "childescar"]
[Black "Queeny"]
[Result "0-1"]
[WhiteCountry "FRA"]
[BlackCountry "ENG"]
[WhiteElo "1297"]
[WhiteRD "78"]
[BlackElo "1673"]
[BlackRD "74"]
[GameID "280066"]

1. e4 e5 2. Nf3 Nc6 3. Bc4 Nf6 4. Ng5 Bc5 5. Nxf7 Bxf2+ 6. Kxf2 Qe7 7. Nxh8 Qc5+ 8. Ke1 Qxc4 9. d3 Qb4+ 10. c3 Qf8
11. Qf3 Qxh8 12. Bg5 d6 13. Bxf6 gxf6 14. Rf1 Ke7 15. Nd2 Be6 16. Nc4 Qg7 17. Rd1 Bg4 18. Qg3 Rg8 19. Rd2 Qh6
0-1

[Event "The Barry Sheene Appreciation Tournament"]
[Site "SchemingMind.com"]
[Date "2011.04.07"]
[Round "-"]
[White "childescar"]
[Black "Yellow"]
[Result "0-1"]
[WhiteCountry "FRA"]
[BlackCountry "INT"]
[WhiteElo "1316"]
[WhiteRD "75"]
[BlackElo "2173"]
[BlackRD "84"]
[GameID "280067"]

1. e4 e5 2. Nf3 Nc6 3. Bc4 Nf6 4. Ng5 Bc5 5. Nxf7 b5 6. Nxh8 bxc4 7. d3 cxd3 8. cxd3 Kf8 9. O-O Kg8 10. Nc3 Kxh8
11. Bg5 Nd4 12. Nd5 c6 13. Nxf6 gxf6 14. Be3 d6 15. Qh5 Qg8 16. Rac1 Bg4 17. Qh4 Ne2+
0-1

[Event "The Barry Sheene Appreciation Tournament"]
[Site "SchemingMind.com"]
[Date "2011.04.10"]
[Round "-"]
[White "childescar"]
[Black "Olli Ylönen"]
[Result "0-1"]
[WhiteCountry "FRA"]
[BlackCountry "FIN"]
[WhiteElo "1358"]
[WhiteRD "74"]
[BlackElo "1607"]
[BlackRD "51"]
[GameID "280068"]

1. e4 e5 2. Nf3 Nc6 3. Bc4 Nf6 4. Ng5 Bc5 5. Nxf7 Bxf2+ 6. Kxf2 Nxe4+ 7. Ke3 Qh4 8. Qf3 Ng5 9. Nxg5 Qxg5+ 10. Ke2 Nd4+
0-1

[Event "The Barry Sheene Appreciation Tournament"]
[Site "SchemingMind.com"]
[Date "2011.04.06"]
[Round "-"]
[White "capablanca"]
[Black "childescar"]
[Result "1-0"]
[WhiteCountry "GER"]
[BlackCountry "FRA"]
[WhiteElo "1645"]
[WhiteRD "54"]
[BlackElo "1358"]
[BlackRD "74"]
[GameID "280069"]

1. e4 e5 2. Nf3 Nc6 3. Bc4 Nf6 4. Ng5 Bc5 5. Nxf7 Qe7 6. Nxh8 Nxe4 7. Qh5+ g6 8. Nxg6 hxg6 9. Qxg6+ Kd8 10. Qg8+ Qf8
11. Qxf8+ Bxf8 12. d3 Nc5 13. Be3 d6 14. Bxc5 dxc5 15. c3 Bf5 16. Nd2 a6 17. Ne4 b5 18. Bd5
1-0